[Event "Moscow Open 2018 AB"]
[Site "?"]
[Date "2018.01.27"]
[Round "1.1"]
[White "Volovich, Vasily"]
[Black "Nabaty, Tamir"]
[Result "0-1"]
[BlackElo "2658"]
[WhiteElo "2306"]
[LiveChessVersion "1.4.8"]

1. e4 {[%clk 1:30:14]} c6 {[%clk 1:30:35]} 2. Nf3 {[%clk 1:30:03]} d5
{[%clk 1:30:57]} 3. Nc3 {[%clk 1:29:36]} Nf6 {[%clk 1:31:17]} 4. e5
{[%clk 1:29:21]} Ne4 {[%clk 1:31:39]} 5. Ne2 {[%clk 1:29:07]} Qb6
{[%clk 1:31:58]} 6. d4 {[%clk 1:29:07]} e6 {[%clk 1:32:16]} 7. Nfg1
{[%clk 1:28:18]} f6 {[%clk 1:32:34]} 8. f3 {[%clk 1:28:25]} Ng5 {[%clk 1:32:51]}
9. exf6 {[%clk 1:28:16]} gxf6 {[%clk 1:33:10]} 10. f4 {[%clk 1:26:54]} Ne4
{[%clk 1:33:24]} 11. Ng3 {[%clk 1:24:10]} Bd7 {[%clk 1:33:42]} 12. Nxe4
{[%clk 1:19:24]} dxe4 {[%clk 1:34:05]} 13. c3 {[%clk 1:18:30]} c5
{[%clk 1:33:57]} 14. Qh5+ {[%clk 1:14:37]} Kd8 {[%clk 1:34:12]} 15. d5
{[%clk 1:13:57]} exd5 {[%clk 1:34:06]} 16. Qxd5 {[%clk 1:14:05]} Nc6
{[%clk 1:33:56]} 17. Be3 {[%clk 1:04:24]} Kc7 {[%clk 1:08:03]} 18. O-O-O
{[%clk 0:59:36]} Rd8 {[%clk 1:08:31]} 19. Qxe4 {[%clk 0:54:23]} Ne7
{[%clk 1:02:35]} 20. Nf3 {[%clk 0:39:43]} Qa5 {[%clk 1:01:15]} 21. Rxd7+
{[%clk 0:27:07]} Rxd7 {[%clk 1:01:29]} 22. Ne5 {[%clk 0:25:41]} fxe5
{[%clk 0:48:49]} 23. Qxe5+ {[%clk 0:25:27]} Kc8 {[%clk 0:49:11]} 24. Qxh8
{[%clk 0:25:00]} Qxa2 {[%clk 0:48:45]} 25. Bb5 {[%clk 0:20:26]} Qa1+
{[%clk 0:46:20]} 26. Kc2 {[%clk 0:20:48]} Qxh1 {[%clk 0:46:45]} 27. Bxd7+
{[%clk 0:20:40]} Kxd7 {[%clk 0:47:12]} 28. Qxf8 {[%clk 0:20:46]} Qxg2+
{[%clk 0:47:35]} 29. Bd2 {[%clk 0:20:16]} Qe4+ {[%clk 0:38:43]} 30. Kc1
{[%clk 0:19:38]} a5 {[%clk 0:37:40]} 31. Qh6 {[%clk 0:17:09]} a4 {[%clk 0:32:36]}
32. Qb6 {[%clk 0:15:51]} Qc6 {[%clk 0:31:29]} 33. Qxc6+ {[%clk 0:15:06]} Nxc6
{[%clk 0:28:23]} 34. Be3 {[%clk 0:06:19]} Kd6 {[%clk 0:25:38]} 35. f5
{[%clk 0:05:10]} Ne5 {[%clk 0:17:46]} 36. Kc2 {[%clk 0:03:32]} Ng4
{[%clk 0:14:32]} 37. Bf4+ {[%clk 0:03:16]} Kd5 {[%clk 0:15:00]} 38. b3
{[%clk 0:02:20]} Ke4 {[%clk 0:10:46]} 39. Bc7 {[%clk 0:00:44]} Ne3+
{[%clk 0:03:25]} 40. Kb2 {[%clk 0:30:55]} Nxf5 {[%clk 0:33:32]} 41. bxa4
{[%clk 0:27:04]} Kd3 {[%clk 0:33:18]} 42. Kb3 {[%clk 0:20:31]} Ne3
{[%clk 0:30:43]} 43. a5 {[%clk 0:15:54]} c4+ {[%clk 0:28:13]} 44. Ka4
{[%clk 0:15:51]} Nd5 {[%clk 0:22:59]} 45. Be5 {[%clk 0:15:12]} Nxc3+
{[%clk 0:20:34]} 46. Kb4 {[%clk 0:15:34]} Ne2 {[%clk 0:20:14]} 47. Kc5
{[%clk 0:11:39]} Nc1 {[%clk 0:20:23]} 48. Kb4 {[%clk 0:04:46]} h5
{[%clk 0:19:01]} 49. h4 {[%clk 0:04:45]} Nb3 {[%clk 0:18:34]} 50. Bf6
{[%clk 0:03:48]} Nd2 {[%clk 0:17:34]} 51. Bg7 {[%clk 0:02:42]} Ne4
{[%clk 0:17:16]} 52. Kb5 {[%clk 0:02:23]} c3 {[%clk 0:14:03]} 53. Kb6
{[%clk 0:01:27]} c2 {[%clk 0:14:16]} 54. Bb2 {[%clk 0:01:43]} Nd2
{[%clk 0:14:23]} 55. Kxb7 {[%clk 0:01:32]} Nc4 {[%clk 0:14:45]} 56. Bc1
{[%clk 0:01:20]} Nxa5+ {[%clk 0:15:07]} 57. Kc7 {[%clk 0:01:44]} Ke2
{[%clk 0:15:16]} 58. Kd6 {[%clk 0:01:47]} Kd1 {[%clk 0:15:35]} 0-1

[Event "Moscow Open 2018 AB"]
[Site "?"]
[Date "2018.01.27"]
[Round "1.2"]
[White "Grachev, Boris"]
[Black "Kholopov, Alexander A."]
[Result "1/2-1/2"]
[BlackElo "2305"]
[WhiteElo "2653"]
[LiveChessVersion "1.4.8"]

1. d4 {[%clk 1:22:58]} Nf6 {[%clk 1:30:57]} 2. Nf3 {[%clk 1:23:08]} g6
{[%clk 1:31:21]} 3. g3 {[%clk 1:23:32]} Bg7 {[%clk 1:31:47]} 4. Bg2
{[%clk 1:23:58]} O-O {[%clk 1:32:12]} 5. O-O {[%clk 1:24:23]} d6 {[%clk 1:32:27]}
6. c4 {[%clk 1:24:46]} Nbd7 {[%clk 1:32:54]} 7. Nc3 {[%clk 1:25:09]} e5
{[%clk 1:33:20]} 8. e4 {[%clk 1:25:32]} h6 {[%clk 1:23:06]} 9. h3
{[%clk 1:19:11]} Nh7 {[%clk 1:23:04]} 10. Be3 {[%clk 1:16:49]} Ng5
{[%clk 1:23:17]} 11. Nxg5 {[%clk 1:12:04]} hxg5 {[%clk 1:23:42]} 12. d5
{[%clk 1:09:21]} f5 {[%clk 1:24:06]} 13. exf5 {[%clk 1:04:02]} gxf5
{[%clk 1:24:31]} 14. Qh5 {[%clk 1:04:17]} f4 {[%clk 1:24:24]} 15. Bd2
{[%clk 1:02:33]} a5 {[%clk 1:18:10]} 16. Ne4 {[%clk 0:49:56]} Nf6
{[%clk 1:18:23]} 17. Qxg5 {[%clk 0:46:15]} Nxe4 {[%clk 1:18:45]} 18. Qxd8
{[%clk 0:46:42]} Rxd8 {[%clk 1:19:11]} 19. Bxe4 {[%clk 0:47:06]} Bxh3
{[%clk 1:19:32]} 20. Rfe1 {[%clk 0:46:41]} Rf8 {[%clk 1:11:08]} 21. Kh2
{[%clk 0:45:11]} Bf5 {[%clk 1:06:44]} 22. Kg2 {[%clk 0:37:12]} b6
{[%clk 1:04:14]} 23. Bxf5 {[%clk 0:35:25]} Rxf5 {[%clk 1:04:39]} 24. g4
{[%clk 0:35:53]} Rf6 {[%clk 1:04:21]} 25. Kf3 {[%clk 0:35:56]} Rh6
{[%clk 1:03:05]} 26. Rh1 {[%clk 0:36:08]} Rxh1 {[%clk 1:01:14]} 27. Rxh1
{[%clk 0:36:32]} Kf7 {[%clk 1:01:41]} 28. Ke4 {[%clk 0:36:00]} Kg6
{[%clk 1:02:04]} 29. a4 {[%clk 0:34:28]} Bf6 {[%clk 0:55:46]} 30. Rh3
{[%clk 0:34:16]} Bg5 {[%clk 0:48:01]} 31. f3 {[%clk 0:33:00]} Bf6
{[%clk 0:46:21]} 32. Bc3 {[%clk 0:33:19]} Bg5 {[%clk 0:45:03]} 33. Rh2
{[%clk 0:32:23]} Bf6 {[%clk 0:43:54]} 34. Rh5 {[%clk 0:30:25]} Bg5
{[%clk 0:44:02]} 35. Be1 {[%clk 0:30:29]} Bf6 {[%clk 0:41:27]} 36. Rh2
{[%clk 0:30:31]} Bg5 {[%clk 0:41:34]} 37. b3 {[%clk 0:30:16]} Bf6
{[%clk 0:41:54]} 38. Bc3 {[%clk 0:30:42]} Bg5 {[%clk 0:29:05]} 39. Bd2
{[%clk 0:06:42]} Bf6 {[%clk 0:27:55]} 40. Kd3 {[%clk 0:36:03]} Bg5
{[%clk 0:55:36]} 41. Rh3 {[%clk 0:31:17]} Bf6 {[%clk 0:55:52]} 42. Ke4
{[%clk 0:31:33]} Bg5 {[%clk 0:54:39]} 43. Rh2 {[%clk 0:26:56]} Be7
{[%clk 0:54:53]} 44. c5 {[%clk 0:25:52]} bxc5 {[%clk 0:39:59]} 45. Kd3
{[%clk 0:26:16]} Bg5 {[%clk 0:39:54]} 46. Re2 {[%clk 0:25:25]} Bh4
{[%clk 0:31:22]} 47. Bc3 {[%clk 0:23:06]} Bf6 {[%clk 0:27:17]} 48. Kc4
{[%clk 0:23:00]} Be7 {[%clk 0:27:13]} 49. Be1 {[%clk 0:18:22]} Ra6
{[%clk 0:25:19]} 50. Bd2 {[%clk 0:17:55]} Bf6 {[%clk 0:23:34]} 51. Re1
{[%clk 0:18:19]} Bh4 {[%clk 0:23:31]} 52. Rh1 {[%clk 0:15:37]} Bf6
{[%clk 0:23:54]} 53. Rh3 {[%clk 0:15:32]} Ra8 {[%clk 0:22:37]} 54. Rh1
{[%clk 0:11:11]} Bg5 {[%clk 0:18:31]} 55. Re1 {[%clk 0:11:21]} Ra6
{[%clk 0:17:49]} 56. Re2 {[%clk 0:11:16]} Ra8 {[%clk 0:17:46]} 57. Bc3
{[%clk 0:09:04]} Be7 {[%clk 0:17:54]} 58. Be1 {[%clk 0:07:01]} 1/2-1/2

[Event "Moscow Open 2018 AB"]
[Site "?"]
[Date "2018.01.27"]
[Round "1.3"]
[White "Rodchenkov, Vitaly"]
[Black "Kokarev, Dmitry"]
[Result "1/2-1/2"]
[BlackElo "2616"]
[WhiteElo "2304"]
[LiveChessVersion "1.4.8"]

1. e4 {[%clk 1:30:58]} c5 {[%clk 1:30:48]} 2. Nf3 {[%clk 1:31:15]} d6
{[%clk 1:31:12]} 3. Bb5+ {[%clk 1:31:31]} Bd7 {[%clk 1:31:24]} 4. Bxd7+
{[%clk 1:31:54]} Nxd7 {[%clk 1:31:12]} 5. O-O {[%clk 1:31:53]} Ngf6 6. Qe2 e6
{[%clk 1:30:52]} 7. b3 {[%clk 1:32:20]} Be7 {[%clk 1:29:58]} 8. Bb2
{[%clk 1:32:43]} O-O {[%clk 1:30:17]} 9. c4 {[%clk 1:32:59]} Re8 {[%clk 1:18:45]}
10. d4 {[%clk 1:33:09]} Qb6 {[%clk 1:16:53]} 11. e5 {[%clk 1:25:33]} Nh5
{[%clk 1:16:13]} 12. exd6 {[%clk 1:20:55]} Bxd6 {[%clk 1:11:22]} 13. Ne5
{[%clk 1:19:38]} Nhf6 {[%clk 1:11:35]} 14. Nxd7 {[%clk 1:17:43]} Nxd7
{[%clk 1:11:58]} 15. dxc5 {[%clk 1:17:56]} Nxc5 {[%clk 1:09:33]} 16. Nc3
{[%clk 1:17:13]} Rad8 {[%clk 1:08:46]} 17. Rad1 {[%clk 1:17:00]} a6
{[%clk 1:03:17]} 18. g3 {[%clk 1:11:37]} Bf8 {[%clk 1:00:30]} 19. Ne4 Nxe4
{[%clk 0:47:34]} 20. Qxe4 {[%clk 1:06:44]} f5 {[%clk 0:47:26]} 21. Qf3
{[%clk 1:06:10]} Qc6 {[%clk 0:44:58]} 22. Qxc6 {[%clk 1:06:26]} bxc6
{[%clk 0:45:23]} 23. Be5 {[%clk 1:06:17]} Bc5 {[%clk 0:43:40]} 24. Kg2
{[%clk 1:05:30]} Kf7 {[%clk 0:43:09]} 25. f4 {[%clk 1:04:26]} h6 {[%clk 0:37:59]}
26. h4 {[%clk 1:03:33]} g6 27. Kf3 Rg8 {[%clk 0:32:32]} 28. Ke2 {[%clk 0:59:15]}
Ke7 {[%clk 0:28:35]} 29. Rh1 {[%clk 0:56:54]} a5 {[%clk 0:27:40]} 30. Rxd8
{[%clk 0:55:04]} Rxd8 {[%clk 0:23:51]} 31. h5 {[%clk 0:42:52]} gxh5
{[%clk 0:22:51]} 32. Rxh5 {[%clk 0:42:28]} Bb4 {[%clk 0:23:07]} 33. Rxh6
{[%clk 0:41:14]} Rd2+ {[%clk 0:23:29]} 34. Ke3 {[%clk 0:40:46]} Rxa2
{[%clk 0:23:51]} 35. Rh7+ {[%clk 0:40:02]} Ke8 {[%clk 0:24:14]} 36. Rh8+
{[%clk 0:36:55]} Kf7 {[%clk 0:23:53]} 37. Rh7+ {[%clk 0:36:20]} Ke8
{[%clk 0:21:56]} 38. Rh8+ {[%clk 0:36:20]} Kd7 {[%clk 0:22:12]} 39. Rh7+
{[%clk 0:36:30]} Ke8 {[%clk 0:22:37]} 40. Rh8+ {[%clk 1:06:52]} Kd7
{[%clk 0:53:03]} 41. Rh7+ {[%clk 1:07:17]} 1/2-1/2

[Event "Moscow Open 2018 AB"]
[Site "?"]
[Date "2018.01.27"]
[Round "1.4"]
[White "Vavulin, Maksim"]
[Black "Uraev, Ivan"]
[Result "1-0"]
[BlackElo "2304"]
[WhiteElo "2575"]
[LiveChessVersion "1.4.8"]

1. e4 {[%clk 1:30:55]} c5 {[%clk 1:30:48]} 2. Nf3 {[%clk 1:31:13]} Nc6
{[%clk 1:30:54]} 3. Nc3 {[%clk 1:31:14]} e6 {[%clk 1:25:39]} 4. d4
{[%clk 1:31:10]} cxd4 {[%clk 1:26:01]} 5. Nxd4 {[%clk 1:31:36]} Qc7
{[%clk 1:24:18]} 6. Be3 {[%clk 1:30:46]} Nf6 {[%clk 1:22:53]} 7. Qf3
{[%clk 1:27:21]} a6 {[%clk 1:18:53]} 8. O-O-O {[%clk 1:27:01]} Bb4
{[%clk 1:12:32]} 9. Nde2 {[%clk 1:26:34]} O-O {[%clk 1:07:28]} 10. Bf4
{[%clk 1:22:15]} Ne5 {[%clk 1:02:44]} 11. Qg3 {[%clk 1:22:00]} d6
{[%clk 1:02:50]} 12. Bg5 {[%clk 1:21:46]} Ne8 {[%clk 0:46:56]} 13. Kb1
{[%clk 1:17:35]} f6 {[%clk 0:30:57]} 14. Bc1 {[%clk 1:12:20]} f5 {[%clk 0:30:30]}
15. exf5 {[%clk 1:09:54]} Rxf5 {[%clk 0:30:48]} 16. Nd4 {[%clk 1:10:02]} Rf6
{[%clk 0:26:33]} 17. Ne4 {[%clk 1:09:57]} Rg6 {[%clk 0:26:28]} 18. Qb3
{[%clk 1:09:53]} Bc5 {[%clk 0:20:06]} 19. Nxc5 {[%clk 1:06:21]} Qxc5
{[%clk 0:17:44]} 20. f4 {[%clk 1:06:08]} Nc6 {[%clk 0:14:13]} 21. Nf3
{[%clk 1:05:51]} Qb4 {[%clk 0:13:10]} 22. Qe3 {[%clk 1:05:24]} Bd7
{[%clk 0:04:34]} 23. a3 {[%clk 1:01:19]} Qa5 {[%clk 0:04:35]} 24. Ne5
{[%clk 0:57:38]} Nxe5 {[%clk 0:00:57]} 25. fxe5 {[%clk 0:57:58]} d5
{[%clk 0:00:50]} 26. Bd3 {[%clk 0:58:22]} Rh6 {[%clk 0:00:35]} 27. Qf3
{[%clk 0:58:22]} 1-0

[Event "Moscow Open 2018 AB"]
[Site "?"]
[Date "2018.01.27"]
[Round "1.5"]
[White "Kovalev, Egor"]
[Black "Frolyanov, Dmitry"]
[Result "0-1"]
[BlackElo "2567"]
[WhiteElo "2303"]
[LiveChessVersion "1.4.8"]

1. d4 {[%clk 1:30:59]} Nf6 {[%clk 1:29:15]} 2. Nf3 {[%clk 1:31:00]} d5
{[%clk 1:28:47]} 3. g3 {[%clk 1:31:22]} c5 {[%clk 1:27:54]} 4. Bg2
{[%clk 1:26:02]} cxd4 {[%clk 1:27:20]} 5. Nxd4 {[%clk 1:26:26]} e5
{[%clk 1:26:10]} 6. Nb3 {[%clk 1:26:53]} h6 {[%clk 1:20:43]} 7. c4
{[%clk 1:24:57]} d4 {[%clk 1:18:59]} 8. O-O {[%clk 1:17:14]} Nc6 {[%clk 1:19:13]}
9. e3 {[%clk 1:14:45]} Bg4 {[%clk 1:11:02]} 10. f3 {[%clk 1:10:35]} Be6
{[%clk 1:10:50]} 11. exd4 {[%clk 1:10:36]} exd4 {[%clk 1:05:34]} 12. f4
{[%clk 1:10:49]} Be7 {[%clk 1:04:21]} 13. N1d2 {[%clk 1:06:31]} Qd7
{[%clk 0:55:39]} 14. Bxc6 {[%clk 0:59:48]} bxc6 {[%clk 0:53:44]} 15. Nf3
{[%clk 0:59:31]} c5 {[%clk 0:49:20]} 16. Ne5 {[%clk 0:59:34]} Qc7
{[%clk 0:47:56]} 17. f5 {[%clk 0:51:42]} Qxe5 {[%clk 0:46:04]} 18. fxe6
{[%clk 0:52:04]} fxe6 {[%clk 0:38:01]} 19. Bf4 {[%clk 0:52:16]} Qe4
{[%clk 0:36:39]} 20. Re1 {[%clk 0:49:50]} Qc6 {[%clk 0:36:44]} 21. Na5
{[%clk 0:48:09]} Qd7 {[%clk 0:36:16]} 22. Qf3 {[%clk 0:47:14]} Rc8
{[%clk 0:33:16]} 23. Re2 {[%clk 0:44:39]} O-O {[%clk 0:32:26]} 24. Rae1
{[%clk 0:43:17]} Nh7 {[%clk 0:26:54]} 25. Qg4 {[%clk 0:24:49]} Bg5
{[%clk 0:24:59]} 26. Rxe6 {[%clk 0:22:32]} d3 {[%clk 0:21:14]} 27. Nb3
{[%clk 0:20:01]} d2 {[%clk 0:18:40]} 28. Rd1 {[%clk 0:17:04]} Rf6
{[%clk 0:16:17]} 0-1

[Event "Moscow Open 2018 AB"]
[Site "?"]
[Date "2018.01.27"]
[Round "1.6"]
[White "Savchenko, Boris"]
[Black "Shubin, Kirill"]
[Result "1-0"]
[BlackElo "2299"]
[WhiteElo "2566"]
[LiveChessVersion "1.4.8"]

1. e4 {[%clk 1:18:55]} e6 {[%clk 1:30:52]} 2. d4 {[%clk 1:19:21]} d5
{[%clk 1:31:18]} 3. Nc3 {[%clk 1:19:45]} Bb4 {[%clk 1:31:44]} 4. e5
{[%clk 1:20:11]} b6 {[%clk 1:32:05]} 5. a3 {[%clk 1:18:25]} Bf8 {[%clk 1:30:44]}
6. Nce2 {[%clk 1:00:29]} Ba6 {[%clk 1:23:51]} 7. b3 {[%clk 0:55:14]} Ne7
{[%clk 1:21:12]} 8. Nf3 {[%clk 0:52:41]} Nf5 {[%clk 1:18:55]} 9. g4
{[%clk 0:48:25]} Nh4 {[%clk 1:17:12]} 10. Nf4 {[%clk 0:41:45]} Bxf1
{[%clk 1:09:20]} 11. Kxf1 {[%clk 0:42:02]} Ng6 {[%clk 1:05:13]} 12. Nh5
{[%clk 0:39:53]} c5 {[%clk 0:59:13]} 13. c3 {[%clk 0:37:40]} Nc6 {[%clk 0:58:11]}
14. b4 {[%clk 0:37:21]} c4 {[%clk 0:50:28]} 15. h4 {[%clk 0:23:52]} h6
{[%clk 0:43:11]} 16. a4 {[%clk 0:19:36]} Qd7 {[%clk 0:41:38]} 17. Ne1
{[%clk 0:13:33]} O-O-O {[%clk 0:39:14]} 18. f4 {[%clk 0:13:51]} f6
{[%clk 0:31:38]} 19. exf6 {[%clk 0:13:20]} gxf6 {[%clk 0:32:01]} 20. Nxf6
{[%clk 0:13:46]} Qf7 {[%clk 0:30:32]} 21. Nh5 {[%clk 0:14:02]} Bd6
{[%clk 0:30:16]} 22. Ra2 {[%clk 0:12:08]} Rdf8 {[%clk 0:30:00]} 23. Rf2
{[%clk 0:12:05]} e5 {[%clk 0:26:56]} 24. f5 {[%clk 0:11:03]} exd4
{[%clk 0:25:50]} 25. b5 {[%clk 0:10:06]} Na5 {[%clk 0:26:02]} 26. cxd4
{[%clk 0:09:41]} Nb3 {[%clk 0:26:09]} 27. Nf3 {[%clk 0:09:10]} Ne7
{[%clk 0:26:01]} 28. Ne5 {[%clk 0:08:53]} Qg8 {[%clk 0:24:47]} 29. Bf4
{[%clk 0:08:03]} Nxd4 {[%clk 0:24:16]} 1-0

[Event "Moscow Open 2018 AB"]
[Site "?"]
[Date "2018.01.27"]
[Round "1.7"]
[White "Nazaretyan, Tigran"]
[Black "Timofeev, Artyom"]
[Result "0-1"]
[BlackElo "2563"]
[WhiteElo "2285"]
[LiveChessVersion "1.4.8"]

1. d4 {[%clk 1:30:00]} d5 {[%clk 1:30:47]} 2. c4 {[%clk 1:29:49]} e6
{[%clk 1:31:07]} 3. Nf3 {[%clk 1:29:50]} c6 {[%clk 1:31:03]} 4. Nbd2
{[%clk 1:29:24]} Nf6 {[%clk 1:31:08]} 5. g3 {[%clk 1:28:13]} b6 {[%clk 1:30:52]}
6. Bg2 {[%clk 1:27:45]} Bb7 {[%clk 1:31:12]} 7. O-O {[%clk 1:27:11]} Be7
{[%clk 1:31:29]} 8. b3 {[%clk 1:20:01]} O-O {[%clk 1:30:45]} 9. Bb2
{[%clk 1:19:12]} Nbd7 {[%clk 1:23:10]} 10. e3 {[%clk 1:11:53]} c5
{[%clk 1:17:15]} 11. Rc1 {[%clk 1:05:54]} a5 {[%clk 1:12:49]} 12. a4
{[%clk 0:54:30]} Rc8 {[%clk 1:12:37]} 13. Qc2 {[%clk 0:45:55]} Rc7
{[%clk 1:11:15]} 14. Qb1 {[%clk 0:43:00]} Qa8 {[%clk 1:10:17]} 15. Rfd1
{[%clk 0:33:18]} dxc4 {[%clk 1:03:02]} 16. bxc4 {[%clk 0:30:37]} Rd8
{[%clk 1:03:07]} 17. Ba3 {[%clk 0:24:24]} Bf8 {[%clk 1:00:26]} 18. Qb3
{[%clk 0:22:56]} h6 {[%clk 0:56:13]} 19. Ne1 {[%clk 0:17:36]} Bxg2
{[%clk 0:55:44]} 20. Nxg2 {[%clk 0:17:59]} Rdc8 {[%clk 0:56:07]} 21. Bb2
{[%clk 0:15:13]} cxd4 {[%clk 0:54:19]} 22. exd4 {[%clk 0:15:14]} Bb4
{[%clk 0:54:42]} 23. Bc3 {[%clk 0:11:30]} Nd5 {[%clk 0:49:04]} 24. Bxb4
{[%clk 0:10:36]} Nxb4 {[%clk 0:49:27]} 25. Re1 {[%clk 0:08:38]} e5
{[%clk 0:48:34]} 26. Qe3 {[%clk 0:04:11]} exd4 {[%clk 0:47:30]} 27. Qxd4
{[%clk 0:04:37]} Nc5 {[%clk 0:47:52]} 28. Re2 {[%clk 0:02:28]} Rd7
{[%clk 0:46:14]} 29. Qg4 {[%clk 0:02:21]} Rcd8 {[%clk 0:45:54]} 30. Nf1
{[%clk 0:01:44]} Nbd3 {[%clk 0:41:51]} 31. Rb1 {[%clk 0:01:07]} Nxa4
{[%clk 0:42:03]} 32. Re8+ {[%clk 0:00:56]} Rxe8 {[%clk 0:41:49]} 33. Qxd7
{[%clk 0:01:24]} Nac5 {[%clk 0:40:45]} 34. Qb5 {[%clk 0:00:41]} Ne4
{[%clk 0:37:12]} 35. Qxb6 {[%clk 0:00:33]} Nc3 {[%clk 0:30:45]} 36. Nfe3
{[%clk 0:00:33]} Qf3 {[%clk 0:28:16]} 37. Rb2 {[%clk 0:01:01]} Ne2+
{[%clk 0:28:00]} 38. Rxe2 {[%clk 0:01:26]} Qxe2 {[%clk 0:28:25]} 39. Nf1
{[%clk 0:00:50]} a4 {[%clk 0:28:44]} 40. Nf4 {[%clk 0:30:36]} Nxf4
{[%clk 0:58:45]} 41. gxf4 {[%clk 0:30:36]} a3 {[%clk 0:59:01]} 42. Qa5
{[%clk 0:30:48]} a2 {[%clk 0:58:43]} 43. c5 {[%clk 0:31:12]} Qb2 {[%clk 0:58:59]}
44. Qa4 {[%clk 0:31:29]} Rf8 {[%clk 0:59:18]} 0-1

[Event "Moscow Open 2018 AB"]
[Site "?"]
[Date "2018.01.27"]
[Round "1.8"]
[White "Levin, Evgeny A."]
[Black "Martynyuk, Elizaveta"]
[Result "1-0"]
[BlackElo "2284"]
[WhiteElo "2545"]
[LiveChessVersion "1.4.8"]

1. d4 {[%clk 1:29:10]} d5 {[%clk 1:30:05]} 2. c4 {[%clk 1:29:21]} c6
{[%clk 1:30:22]} 3. Nf3 {[%clk 1:29:40]} Nf6 {[%clk 1:30:47]} 4. e3
{[%clk 1:29:59]} Bf5 {[%clk 1:30:57]} 5. Nc3 {[%clk 1:30:05]} e6 {[%clk 1:31:18]}
6. Nh4 {[%clk 1:30:21]} Bg6 {[%clk 1:31:44]} 7. Nxg6 {[%clk 1:29:05]} hxg6
{[%clk 1:29:46]} 8. Bd3 {[%clk 1:26:22]} Bd6 {[%clk 1:29:42]} 9. h3
{[%clk 1:26:15]} Nbd7 {[%clk 1:30:02]} 10. O-O {[%clk 1:26:05]} O-O
{[%clk 1:21:45]} 11. c5 {[%clk 1:25:43]} Be7 {[%clk 1:20:41]} 12. b4
{[%clk 1:24:28]} e5 {[%clk 1:16:19]} 13. b5 {[%clk 1:21:56]} Nh7 {[%clk 1:11:58]}
14. Qa4 {[%clk 1:15:09]} Qc7 {[%clk 1:08:31]} 15. Bd2 {[%clk 1:08:10]} Bg5
{[%clk 1:05:59]} 16. bxc6 {[%clk 0:53:10]} bxc6 {[%clk 1:06:00]} 17. Ne2
{[%clk 0:51:19]} exd4 {[%clk 1:06:05]} 18. Ba5 {[%clk 0:50:51]} Qe5
{[%clk 0:55:06]} 19. Qxc6 {[%clk 0:48:08]} dxe3 {[%clk 0:54:45]} 20. Qxd7
{[%clk 0:39:49]} exf2+ {[%clk 0:55:00]} 21. Kh1 {[%clk 0:40:14]} Be3
{[%clk 0:55:16]} 22. Bc7 {[%clk 0:30:05]} Qh5 {[%clk 0:46:38]} 23. Bd6
{[%clk 0:25:07]} Nf6 {[%clk 0:42:08]} 24. Qb7 {[%clk 0:23:11]} Rfd8
{[%clk 0:37:30]} 25. c6 {[%clk 0:22:49]} Bb6 {[%clk 0:34:07]} 26. c7
{[%clk 0:18:42]} Rdc8 {[%clk 0:34:27]} 27. Rac1 {[%clk 0:18:17]} Ne8
{[%clk 0:29:05]} 28. Bg3 {[%clk 0:09:58]} Qg5 {[%clk 0:21:09]} 29. Bb5
{[%clk 0:09:38]} Nxc7 {[%clk 0:16:39]} 30. Bd7 {[%clk 0:06:21]} Rcb8
{[%clk 0:13:04]} 31. Qc6 {[%clk 0:06:46]} Qe3 {[%clk 0:12:31]} 32. Bg4
{[%clk 0:06:06]} f5 {[%clk 0:12:06]} 33. Bf3 {[%clk 0:04:04]} Rc8
{[%clk 0:11:12]} 34. Qxg6 {[%clk 0:03:57]} Kh8 {[%clk 0:08:34]} 35. Bxf2
{[%clk 0:03:30]} Qh6 {[%clk 0:08:32]} 36. Qxh6+ {[%clk 0:03:39]} gxh6
{[%clk 0:08:53]} 37. Bxb6 {[%clk 0:04:03]} axb6 {[%clk 0:09:11]} 38. Nf4
{[%clk 0:04:24]} Nb5 {[%clk 0:04:42]} 39. Bxd5 {[%clk 0:04:39]} Rxc1
{[%clk 0:04:21]} 40. Rxc1 {[%clk 0:35:03]} Rd8 {[%clk 0:34:39]} 1-0

[Event "Moscow Open 2018 AB"]
[Site "?"]
[Date "2018.01.27"]
[Round "1.9"]
[White "Rozhkov, Viacheslav"]
[Black "Boruchovsky, Avital"]
[Result "0-1"]
[BlackElo "2542"]
[WhiteElo "2281"]
[LiveChessVersion "1.4.8"]

1. e4 {[%clk 1:30:39]} e6 {[%clk 1:30:51]} 2. d4 {[%clk 1:30:54]} d5
{[%clk 1:31:14]} 3. e5 {[%clk 1:31:09]} c5 {[%clk 1:31:35]} 4. c3
{[%clk 1:30:50]} Nc6 {[%clk 1:31:56]} 5. Nf3 {[%clk 1:30:00]} Nh6
{[%clk 1:32:11]} 6. a3 {[%clk 1:27:33]} Nf5 {[%clk 1:31:48]} 7. b4
{[%clk 1:21:48]} cxd4 {[%clk 1:30:14]} 8. cxd4 {[%clk 1:22:15]} Bd7
{[%clk 1:29:30]} 9. Be3 {[%clk 1:14:06]} f6 {[%clk 1:14:46]} 10. Bd3
{[%clk 1:08:44]} Nxe3 {[%clk 1:13:22]} 11. fxe3 {[%clk 1:08:57]} fxe5
{[%clk 1:13:41]} 12. b5 {[%clk 1:05:14]} Nxd4 {[%clk 0:50:35]} 13. exd4
{[%clk 0:47:46]} e4 {[%clk 0:50:30]} 14. Ne5 {[%clk 0:47:11]} Qa5+
{[%clk 0:46:50]} 15. Nd2 {[%clk 0:46:20]} Qc3 {[%clk 0:46:11]} 16. Nxd7
{[%clk 0:08:56]} Kxd7 {[%clk 0:45:26]} 17. Bxe4 {[%clk 0:08:13]} Qxd4
{[%clk 0:36:18]} 18. Rf1 {[%clk 0:05:11]} Be7 {[%clk 0:19:09]} 19. Rc1
{[%clk 0:03:43]} Rac8 {[%clk 0:16:36]} 20. Rxc8 {[%clk 0:02:28]} Rxc8
{[%clk 0:17:04]} 21. Rf7 {[%clk 0:01:16]} dxe4 {[%clk 0:07:18]} 22. Nxe4
{[%clk 0:01:44]} Qxd1+ {[%clk 0:07:24]} 23. Kxd1 {[%clk 0:02:13]} Rc4
{[%clk 0:07:32]} 24. Nf2 {[%clk 0:01:38]} Rh4 {[%clk 0:06:38]} 25. h3
{[%clk 0:01:21]} g6 {[%clk 0:06:54]} 26. Ng4 {[%clk 0:00:57]} Ke8
{[%clk 0:06:45]} 27. Rf3 {[%clk 0:01:25]} Rh5 {[%clk 0:07:06]} 28. a4
{[%clk 0:01:40]} Rd5+ {[%clk 0:07:04]} 29. Kc2 {[%clk 0:02:09]} Rd4
{[%clk 0:07:28]} 30. Rc3 {[%clk 0:01:02]} h5 {[%clk 0:06:13]} 31. Ne5
{[%clk 0:01:26]} Bd6 {[%clk 0:04:50]} 32. Rc8+ {[%clk 0:01:15]} Ke7
{[%clk 0:05:19]} 33. Nc4 {[%clk 0:01:07]} Bg3 {[%clk 0:03:30]} 34. Kc3
{[%clk 0:01:00]} Rd7 {[%clk 0:03:52]} 35. Ra8 {[%clk 0:01:11]} b6
{[%clk 0:03:28]} 36. Kc2 {[%clk 0:01:18]} e5 {[%clk 0:02:07]} 37. a5
{[%clk 0:01:27]} bxa5 {[%clk 0:02:09]} 38. Nxa5 {[%clk 0:01:56]} Ke6
{[%clk 0:00:55]} 39. Nc6 {[%clk 0:02:24]} Rd5 {[%clk 0:00:31]} 40. Re8+
{[%clk 0:32:15]} Kf7 {[%clk 0:30:41]} 41. Re7+ {[%clk 0:29:22]} Kf6
{[%clk 0:30:19]} 42. Rxa7 {[%clk 0:29:03]} Rxb5 {[%clk 0:22:55]} 43. Ra6
{[%clk 0:26:21]} Kf5 {[%clk 0:16:39]} 44. Ne7+ {[%clk 0:25:05]} Ke4
{[%clk 0:16:17]} 45. Rxg6 {[%clk 0:25:30]} Rc5+ {[%clk 0:13:07]} 46. Kb3
{[%clk 0:21:19]} h4 {[%clk 0:13:05]} 47. Rg4+ {[%clk 0:21:34]} Kd3
{[%clk 0:13:07]} 48. Kb4 {[%clk 0:10:41]} Rc2 {[%clk 0:12:48]} 49. Nf5
{[%clk 0:10:17]} e4 {[%clk 0:11:43]} 50. Kb3 {[%clk 0:09:31]} Rc5
{[%clk 0:11:53]} 0-1